[Event "Budapest FS05 Development"]
[Site "Budapest"]
[Date "2017.05.11"]
[Round "5"]
[White "Brassoi Tarnovszki, Aurel"]
[Black "Chubakov, Sultan"]
[Result "1/2-1/2"]
[WhiteElo "1577"]
[BlackElo "1464"]
[PlyCount "103"]
[EventDate "2017.05.07"]
[EventType "tourn"]
[EventRounds "10"]
[EventCountry "HUN"]
[SourceTitle "CBM 178 Extra"]
[Source "ChessBase"]
[SourceDate "2017.06.22"]
[SourceVersion "1"]
[SourceVersionDate "2017.06.22"]
[SourceQuality "1"]

1. d4 Nf6 2. c4 e6 3. Nc3 c5 4. e3 cxd4 5. exd4 d5 6. b3 Bb4 7. Bd2 dxc4 8. Bxc4 Nc6 9. a3 Be7 10. Be3 0-0 11. Nf3 Nd5 12. Nxd5 exd5 13. Be2 f5 14. Qd2 Qe8 15. Ne5 Nxe5 16. dxe5 Be6 17. f4 Qf7 18. b4 Rfd8 19. 0-0 Bf8 20. Rfc1 d4 21. Bf2 Bd5 22. Bd3 Qh5 23. Bc4 Qf7 24. Bxd5 Qxd5 25. Qa2 a5 26. Qxd5+ Rxd5 27. Rab1 axb4 28. axb4 Rad8 29. Rd1 Kf7 30. Rd3 Ke6 31. Kf1 g5 32. g3 Bh6 33. fxg5 Bxg5 34. Rbd1 Be3 35. Bxe3 dxe3 36. Rxd5 Rxd5 37. Rxd5 Kxd5 38. Ke2 Kxe5 39. Kxe3 Kd5 40. Kd3 h5 41. h3 b6 42. Ke3 Kc4 43. Kf4 Kxb4 44. Kxf5 Kc3 45. g4 hxg4 46. hxg4 b5 47. g5 b4 48. g6 b3 49. g7 b2 50. g8Q b1Q+ 51. Kf6 Qf1+ 52. Ke7 1/2-1/2

[Event "Budapest FS06 FM-B"]
[Site "Budapest"]
[Date "2015.06.10"]
[Round "5"]
[White "Brassoi Tarnovszki, Aurel"]
[Black "Szlenka, Attila"]
[Result "0-1"]
[WhiteElo "1589"]
[BlackElo "1815"]
[PlyCount "84"]
[EventDate "2015.06.06"]
[EventType "tourn"]
[EventRounds "11"]
[EventCountry "HUN"]
[SourceTitle "CBM 166 Extra"]
[Source "ChessBase"]
[SourceDate "2015.06.18"]
[SourceVersion "1"]
[SourceVersionDate "2015.06.18"]
[SourceQuality "1"]

1. e4 Nf6 2. e5 Nd5 3. c4 Nb6 4. d4 d6 5. Nf3 Nc6 6. exd6 exd6 7. b3 Be7 8. Bb2 Bf6 9. Be2 Bf5 10. 0-0 0-0 11. Qd2 Re8 12. d5 Ne5 13. Nxe5 Bxe5 14. Bxe5 Rxe5 15. Na3 Qe7 16. Bf3 a6 17. Nc2 Bxc2 18. Qxc2 Re8 19. g3 g6 20. Rad1 Nd7 21. Rd2 f5 22. Rfd1 Re1+ 23. Rxe1 Qxe1+ 24. Kg2 a5 25. Re2 Rxe2 26. Qxe2 Qxe2 27. Bxe2 Nc5 28. f3 Kf7 29. Kf2 g5 30. Ke3 Kf6 31. Kd4 h6 32. h3 b6 33. Bd1 Nd7 34. a3 Ne5 35. Be2 Ng6 36. b4 axb4 37. axb4 h5 38. c5 bxc5+ 39. bxc5 h4 40. gxh4 gxh4 41. cxd6 cxd6 42. Bf1 Nf4 0-1

[Event "Budapest FS05 FM-B"]
[Site "Budapest"]
[Date "2015.05.10"]
[Round "8"]
[White "Brassoi Tarnovszki, Aurel"]
[Black "Szurkos, Andras"]
[Result "0-1"]
[WhiteElo "1622"]
[BlackElo "1741"]
[PlyCount "130"]
[EventDate "2015.05.02"]
[EventType "tourn"]
[EventRounds "9"]
[EventCountry "HUN"]
[SourceTitle "CBM 166 Extra"]
[Source "ChessBase"]
[SourceDate "2015.06.18"]
[SourceVersion "1"]
[SourceVersionDate "2015.06.18"]
[SourceQuality "1"]

1. e4 e5 2. Nf3 Nc6 3. Bb5 Nd4 4. Nxd4 exd4 5. d3 g6 6. Bc4 Bg7 7. 0-0 c6 8. f4 d5 9. exd5 cxd5 10. Bb3 b5 11. Qe2+ Ne7 12. Re1 Be6 13. Nd2 0-0 14. Nf3 Bf6 15. Ne5 Re8 16. Bd2 Bxe5 17. fxe5 a5 18. a3 Qb6 19. Qf2 Qa7 20. Qf6 Nf5 21. Bg5 Qe7 22. Qxe7 Nxe7 23. h3 Rac8 24. Rac1 Rc7 25. c3 dxc3 26. bxc3 Nc6 27. d4 a4 28. Ba2 Na5 29. Bd2 Ra8 30. Rb1 Rb7 31. Kf2 Rab8 32. Rb4 Kf8 33. Reb1 Ke8 34. Ke3 Kd7 35. h4 h5 36. g3 Bf5 37. Bxd5 Bxb1 38. Bxb7 Rxb7 39. Rxb1 Nc4+ 40. Kd3 Nxa3 41. Ra1 Nc4 42. Bc1 Ke6 43. Ba3 Kd5 44. Bb4 Nb2+ 45. Kc2 Nc4 46. Kd3 Ra7 47. Ba3 Rb7 48. Bb4 Nb6 49. Bc5 Nc4 50. Bb4 Ra7 51. Ba3 Na5 52. Ra2 Nc4 53. Ra1 Ra6 54. Ra2 f6 55. exf6 Rxf6 56. Ke2 Re6+ 57. Kf2 Re3 58. Bb4 Rd3 59. Re2 Rd2 60. Rxd2 Nxd2 61. Ke2 Nc4 62. Kd1 Ne3+ 63. Ke2 Nc2 64. Kd2 Nxb4 65. cxb4 Kxd4 0-1

[Event "Budapest FS06 FM-B"]
[Site "Budapest"]
[Date "2013.06.08"]
[Round "8"]
[White "Brassoi Tarnovszki, Aurel"]
[Black "Steer, Jozsef"]
[Result "0-1"]
[WhiteElo "1642"]
[BlackElo "1938"]
[PlyCount "24"]
[EventDate "2013.06.01"]
[EventType "tourn"]
[EventRounds "11"]
[EventCountry "HUN"]
[SourceTitle "CBM 154 Extra"]
[Source "ChessBase"]
[SourceDate "2013.06.25"]
[SourceVersion "2"]
[SourceVersionDate "2013.06.25"]
[SourceQuality "1"]

1. e4 c6 2. d4 d5 3. exd5 cxd5 4. c3 Nc6 5. Bd3 Nf6 6. Nf3 Bg4 7. h3 Bh5 8. Be3 e6 9. g4 Bg6 10. Bxg6 hxg6 11. Ng5 Qb6 12. Qe2 Nxg4 0-1

[Event "Budapest FS06 FM-B"]
[Site "Budapest"]
[Date "2013.06.01"]
[Round "1"]
[White "Brassoi Tarnovszki, Aurel"]
[Black "Nemeth, Otto"]
[Result "0-1"]
[WhiteElo "1642"]
[BlackElo "1724"]
[PlyCount "86"]
[EventDate "2013.06.01"]
[EventType "tourn"]
[EventRounds "11"]
[EventCountry "HUN"]
[SourceTitle "CBM 154 Extra"]
[Source "ChessBase"]
[SourceDate "2013.06.25"]
[SourceVersion "2"]
[SourceVersionDate "2013.06.25"]
[SourceQuality "1"]

1. e4 c5 2. Nf3 d6 3. d4 cxd4 4. Nxd4 Nf6 5. Nc3 e5 6. Nb3 a6 7. Bg5 Be7 8. Qd2 Be6 9. Be2 Nc6 10. 0-0 Rc8 11. f4 exf4 12. Bxf4 0-0 13. Rad1 Ne5 14. Nd4 Bc4 15. Nf5 Re8 16. Nxe7+ Rxe7 17. Bxe5 Rxe5 18. Qxd6 Qxd6 19. Rxd6 Bxe2 20. Nxe2 Rxc2 21. Ng3 Rxb2 22. a3 Kf8 23. Rd4 b5 24. Rc1 Re8 25. Rd6 a5 26. Ra6 a4 27. Ra7 Nxe4 28. Rf1 f6 29. Nh5 Nd2 30. Nxg7 Nxf1 31. Nxe8 Kxe8 32. Kxf1 Rb3 33. Rb7 h6 34. h4 h5 35. Rh7 Rxa3 36. Rxh5 Rb3 37. Rh8+ Kf7 38. Ke2 a3 39. Kd2 Rb2+ 40. Kc3 b4+ 41. Kc4 a2 42. Ra8 b3 43. Kc3 Rb1 0-1

[Event "Budapest FS05 FM-B"]
[Site "Budapest"]
[Date "2013.05.13"]
[Round "10"]
[White "Nemeth, Otto"]
[Black "Brassoi Tarnovszki, Aurel"]
[Result "0-1"]
[WhiteElo "1754"]
[BlackElo "1594"]
[PlyCount "58"]
[EventDate "2013.05.04"]
[EventType "tourn"]
[EventRounds "10"]
[EventCountry "HUN"]
[SourceTitle "CBM 154 Extra"]
[Source "ChessBase"]
[SourceDate "2013.06.25"]
[SourceVersion "2"]
[SourceVersionDate "2013.06.25"]
[SourceQuality "1"]

1. e4 e6 2. d4 d5 3. exd5 exd5 4. Nf3 Nf6 5. Be2 Be7 6. 0-0 0-0 7. Re1 h6 8. h3 c6 9. Be3 Be6 10. Nc3 Nbd7 11. Qd2 Ne4 12. Nxe4 dxe4 13. Nh2 Nb6 14. b3 Nd5 15. c3 f5 16. g3 Bd6 17. Bc4 b5 18. Bxd5 cxd5 19. a4 bxa4 20. Rxa4 f4 21. gxf4 Bxh3 22. Kh1 Qc7 23. Rg1 Rxf4 24. Rg3 Rh4 25. Rxh3 Rxh3 26. Kg2 Rxh2+ 27. Kf1 Qf7 28. Ra6 Bg3 29. Kg1 Qh5 0-1

[Event "Budapest FS05 FM-B"]
[Site "Budapest"]
[Date "2013.05.05"]
[Round "2"]
[White "Lukacs, Albert"]
[Black "Brassoi Tarnovszki, Aurel"]
[Result "1/2-1/2"]
[WhiteElo "1903"]
[BlackElo "1594"]
[PlyCount "67"]
[EventDate "2013.05.04"]
[EventType "tourn"]
[EventRounds "10"]
[EventCountry "HUN"]
[SourceTitle "CBM 154 Extra"]
[Source "ChessBase"]
[SourceDate "2013.06.25"]
[SourceVersion "2"]
[SourceVersionDate "2013.06.25"]
[SourceQuality "1"]

1. e4 d6 2. d4 g6 3. Nf3 Bg7 4. Bc4 Nf6 5. Qe2 0-0 6. Nc3 Bg4 7. h3 Bxf3 8. Qxf3 Nc6 9. Ne2 Na5 10. Bd3 c5 11. c3 Nc6 12. 0-0 cxd4 13. Nxd4 Ne5 14. Qe2 Nxd3 15. Qxd3 a6 16. Be3 Qc7 17. Rfe1 Nd7 18. Qd2 Ne5 19. Qe2 Qc4 20. Qd1 Qd3 21. Qb3 b5 22. Bg5 Rfe8 23. f4 Nd7 24. Nc6 Nc5 25. Qb4 f6 26. Bh4 Qc4 27. f5 Qxb4 28. Nxb4 g5 29. Bg3 e5 30. Rad1 Red8 31. Nd5 Kf7 32. Bf2 Bf8 33. Nc7 Rac8 34. Bxc5 1/2-1/2

[Event "Budapest FS05 FM-B"]
[Site "Budapest"]
[Date "2013.05.04"]
[Round "1"]
[White "Brassoi Tarnovszki, Aurel"]
[Black "Gruz, Janos"]
[Result "1/2-1/2"]
[WhiteElo "1594"]
[BlackElo "1869"]
[PlyCount "51"]
[EventDate "2013.05.04"]
[EventType "tourn"]
[EventRounds "10"]
[EventCountry "HUN"]
[SourceTitle "CBM 154 Extra"]
[Source "ChessBase"]
[SourceDate "2013.06.25"]
[SourceVersion "2"]
[SourceVersionDate "2013.06.25"]
[SourceQuality "1"]

1. e4 d6 2. d4 c6 3. c4 g6 4. Nf3 Bg7 5. Nc3 Qc7 6. Be3 Bg4 7. Be2 Nd7 8. h3 Bxf3 9. Bxf3 Ngf6 10. 0-0 0-0 11. Qd2 Rfd8 12. Be2 e5 13. d5 Nf8 14. f4 exf4 15. Bxf4 Ne8 16. Bd3 Qe7 17. Rae1 Nd7 18. b3 Ne5 19. Bc2 f6 20. Ne2 c5 21. Be3 Nc7 22. Nf4 a6 23. Nd3 h5 24. Nxe5 Qxe5 25. Bf4 Qe7 26. Bh6 1/2-1/2

[Event "Budapest FS04 FM-B"]
[Site "Budapest"]
[Date "2013.04.10"]
[Round "5"]
[White "Nemeth, Otto"]
[Black "Brassoi Tarnovszki, Aurel"]
[Result "1-0"]
[WhiteElo "1780"]
[BlackElo "1624"]
[PlyCount "44"]
[EventDate "2013.04.06"]
[EventType "tourn"]
[EventRounds "10"]
[EventCountry "HUN"]
[SourceTitle "CBM 154 Extra"]
[Source "ChessBase"]
[SourceDate "2013.06.25"]
[SourceVersion "2"]
[SourceVersionDate "2013.06.25"]
[SourceQuality "1"]

1. e4 e6 2. d4 d5 3. Bd3 c5 4. exd5 Qxd5 5. Nf3 cxd4 6. 0-0 Nc6 7. Re1 Nge7 8. Nbd2 g6 9. Nb3 Bg7 10. Bf4 0-0 11. Be4 Qd8 12. Qd2 e5 13. Bh6 f6 14. Rad1 f5 15. Bd3 Be6 16. Bxg7 Kxg7 17. Nxe5 Bd5 18. Bb5 Nxe5 19. Rxe5 h6 20. Qxd4 Kf7 21. Bc4 Nc6 22. Bxd5+ Kg7 1-0

[Event "Budapest FS04 FM-B"]
[Site "Budapest"]
[Date "2013.04.09"]
[Round "4"]
[White "Brassoi Tarnovszki, Aurel"]
[Black "Csiba, Tibor"]
[Result "0-1"]
[WhiteElo "1624"]
[BlackElo "1574"]
[PlyCount "50"]
[EventDate "2013.04.06"]
[EventType "tourn"]
[EventRounds "10"]
[EventCountry "HUN"]
[SourceTitle "CBM 154 Extra"]
[Source "ChessBase"]
[SourceDate "2013.06.25"]
[SourceVersion "2"]
[SourceVersionDate "2013.06.25"]
[SourceQuality "1"]

1. e4 c5 2. f4 d5 3. exd5 Nf6 4. c4 e6 5. dxe6 Bxe6 6. Nf3 Bd6 7. d3 0-0 8. Be2 Nc6 9. 0-0 Qc7 10. g3 h6 11. Nc3 Rad8 12. Nb5 Qb8 13. Nxd6 Qxd6 14. Qb3 Nd4 15. Nxd4 Qxd4+ 16. Kg2 Qd7 17. Kf2 Rfe8 18. Qc3 Bg4 19. Re1 Bxe2 20. Rxe2 Ng4+ 21. Kf1 Rxe2 22. Kxe2 Qe6+ 23. Kf1 Nxh2+ 24. Kg1 Qe2 25. Qd2 Nf3+ 0-1